Lexikon der Finanzinnovationen

Na minha lista:
Detalhes bibliográficos
Autor principal: Eilenberger, Guido
Formato: Livro
Idioma:alemão
Publicado em: München Oldenbourg 1993
Edição:2. erw. Aufl.
Assuntos:
Tags: Adicionar Tag
Sem tags, seja o primeiro a adicionar uma tag!

MARC

LEADER 00000nam a2200000 4500
001 c010270
005 20221214083559.9
020 |a 3-486-22703-3 
041 0 |a ger 
044 |a DE 
245 1 0 |a Lexikon der Finanzinnovationen  |c Guido Eilenberger 
250 |a 2. erw. Aufl. 
264 1 |a München  |b Oldenbourg  |c 1993 
300 |a 396 s. 
610 2 0 |a financie 
610 2 0 |a inovácia 
610 2 0 |a terminológia 
100 1 |a Eilenberger, Guido